| 000 | 00395nam a2200145Ia 4500 | ||
|---|---|---|---|
| 008 | 220217s9999||||xx |||||||||||||| ||und|| | ||
| 020 | _a81-203-0807-7 | ||
| 082 | _a621.53815 GAY | ||
| 100 | _aGayakwad, Ramakanth, A | ||
| 245 | 0 | _aOp- amps and linear integrated circuits | |
| 250 | _a3rd | ||
| 260 |
_aPrentice hall of india _bNew Delhi _c1999 |
||
| 300 | _b195 | ||
| 650 | _aCIRCUITRY | ||
| 999 |
_c165454 _d165454 |
||